Green gluing of timber (Record no. 105054)

MARC details
000 -LEADER
fixed length control field 01166cam a2200277 4500
001 - CONTROL NUMBER
control field ##L132212
008 - FIXED-LENGTH DATA ELEMENTS--GENERAL INFORMATION
fixed length control field 060117n2005 000 0 eng u
020 ## - INTERNATIONAL STANDARD BOOK NUMBER
International Standard Book Number 1860818412
035 ## - SYSTEM CONTROL NUMBER
System control number (Sirsi) u132212
041 0# - LANGUAGE CODE
Language code of text/sound track or separate title eng
050 04 - LIBRARY OF CONGRESS CALL NUMBER
Classification number 693.971 $2 18
100 1# - MAIN ENTRY--PERSONAL NAME
Personal name Cornwell, Matthew
245 00 - TITLE STATEMENT
Title Green gluing of timber
Remainder of title a feasibility study
260 ## - PUBLICATION, DISTRIBUTION, ETC.
Place of publication, distribution, etc. Watford
Name of publisher, distributor, etc. BRE
Date of publication, distribution, etc. 2005
300 ## - PHYSICAL DESCRIPTION
Extent 8p.
Other physical details ill
Dimensions 30cm.
490 #0 - SERIES STATEMENT
Series statement BRE Information Paper
Volume/sequential designation IP 10/05
520 ## - SUMMARY, ETC.
Summary, etc. The green gluing process upgrades low-value timber by removing defects and sorting or gluing the remaining sections. It produces clear, defect-free timber lengths and has the potential to improve the use of the UK's forest resource. This paper reports on the technical and commercial feasibility of creating a green gluing enterprise in the Greenwood Community Forest in the East Midlands.
590 ## - LOCAL NOTE (RLIN)
Local note IKA170106
690 ## - LOCAL SUBJECT ADDED ENTRY--TOPICAL TERM (OCLC, RLIN)
Topical term or geographic name as entry element BUILT ENVIRONMENT-BUILDING MATERIALS-TIMBER
700 1# - ADDED ENTRY--PERSONAL NAME
Personal name Thorpe, Wendy
700 1# - ADDED ENTRY--PERSONAL NAME
Personal name Cooper, Geoff
710 2# - ADDED ENTRY--CORPORATE NAME
Corporate name or jurisdiction name as entry element Forestry Commission
9 (RLIN) 804
710 2# - ADDED ENTRY--CORPORATE NAME
Corporate name or jurisdiction name as entry element Greenwood Community Forest
9 (RLIN) 4860
710 2# - ADDED ENTRY--CORPORATE NAME
Corporate name or jurisdiction name as entry element East Midlands Development Agency
9 (RLIN) 4153
942 ## - ADDED ENTRY ELEMENTS (KOHA)
Suppress in OPAC 0
Holdings
Withdrawn status Lost status Source of classification or shelving scheme Damaged status Not for loan Home library Current library Shelving location Date acquired Total Checkouts Full call number Barcode Date last seen Copy number Price effective from Koha item type
    Dewey Decimal Classification     London London BRE publications 17/01/2006   ENQUIRY DESK 30071592 06/08/2019 1 06/08/2019 Book